| 000 | 00991aam a2200409 4500 | ||
|---|---|---|---|
| 005 | 20251127140656.0 | ||
| 008 | 150609b2002 xxu||||| |||| 00| 0 spa d | ||
| 020 | _a9701032713 | ||
| 041 | _aESP | ||
| 082 | _a519.5 S755e3 | ||
| 100 | _aSpiegel, Murray R. | ||
| 100 | _aStephens, Larry J. | ||
| 245 | _aEstadística | ||
| 250 | _a3 edición | ||
| 260 | _aMéxico | ||
| 260 | _bMcGraw-Hill | ||
| 260 | _c2002 | ||
| 300 | _a541 páginas | ||
| 440 | _aSerie Schaum | ||
| 490 | _aDirección y Administración de Empresas | ||
| 490 | _aGestión de Calidad | ||
| 650 | _aESTADÍSTICA | ||
| 650 | _aVARIABLES | ||
| 650 | _aGRÁFICOS | ||
| 650 | _aDISTRIBUCIONES DE FRECUENCIAS | ||
| 650 | _aMEDIA | ||
| 650 | _aMEDIANA | ||
| 650 | _aMODA | ||
| 650 | _aTENDENCIA CENTRAL | ||
| 650 | _aPROBABILIDADES | ||
| 650 | _aMUESTRAS | ||
| 650 | _aTEORIA DE CORRELACIÓN | ||
| 650 | _aANÁLISIS DE VARIANZA | ||
| 942 |
_cBK _2ddc |
||
| 999 |
_c1263 _d1263 |
||